00937nam a2200241 a 450000100100000000500170001000800410002702000150006804000250008304100130010808200150012110000340013624000340017024501490020426000480035330000220040149000210042350400540044470000330049883000280053195201190055999900170067800002618520200930024356.0110303s1987 ag r 000 0 spa d a9509097713 aDO-SdBNPbspacBNPHU17aspaheng axxxbC678e1 aCohen, Michael,d1944-95319410aThe Pathless way.lEspañol.10aEntre osos, coyotes y glaciares :bJohn Muir, el hombre de los parques nacionales americanos /cMichael P. Cohen ; traducción Antonio Bonnano. aBuenos Aires, Argentina :bFraterna,c1987. a525, p. ;c21 cm.1 aLibros del Tapir aIncluye referencias bibliográficas (p. 513-515)1 aBonnano, Antonioetr.945101 0aLibros del Tapir953195 001054708MOaGRbGRcCTd2011-03-03iLF1l0oxxx C678ep26185-10r2020-06-25w2020-06-25y4ZPréstamo en sala c25677d25677